Catalog

Record Details

Catalog Search



T.G. Masaryk a výchova  Cover Image Book Book

T.G. Masaryk a výchova / Miroslav Cipro

Record details

  • Physical Description: 39 s. ; 20 cm
  • Publisher: Praha : M. Cipro, 1990

Content descriptions

General Note:
Pozn. o autorovi
Rozmn.
100 výt.
Odkazy na literaturu
Bibliography, etc. Note:
Přehled literatury
Subject: Masaryk, Tomáš Garrigue, 1850-1937
pedagogika
Genre: studie

Available copies

  • 1 of 1 copy available at Common Catalog SPOK.

Holds

  • 0 current holds with 1 total copy.
Show Only Available Copies
Location Call Number / Copy Notes Barcode Shelving Location Status Due Date
Jabok Library Ped-5 424480011946 Odborná literatura Available -

LDR 01121nam a2200361 4500
00113011
003CZ-PrJAB
00520190103065927.0
007tu
008910128s1990 xr u0|0 cze
015 . ‡acnb000056889
020 . ‡q(Brož.)
035 . ‡a(CZ PrNK)ck9006863
035 . ‡a(OCoLC)39428977
040 . ‡aABA001 ‡bcze ‡dABA001
080 . ‡a37 ‡2undef
080 . ‡a929 Masaryk, T.G. ‡2undef
080 . ‡a37:929 Masaryk, T.G. ‡2undef
1001 . ‡aCipro, Miroslav, ‡d1918-2003 ‡7jk01020749 ‡4aut
24510. ‡aT.G. Masaryk a výchova / ‡cMiroslav Cipro
260 . ‡aPraha : ‡bM. Cipro, ‡c1990 ‡f(International Princo)
300 . ‡a39 s. ; ‡c20 cm
500 . ‡aPozn. o autorovi
500 . ‡aRozmn.
500 . ‡a100 výt.
500 . ‡aOdkazy na literaturu
504 . ‡aPřehled literatury
60017. ‡aMasaryk, Tomáš Garrigue, ‡d1850-1937 ‡7jk01080472 ‡2czenas
65007. ‡apedagogika ‡7ph115703 ‡2czenas
655 7. ‡astudie ‡7fd133597 ‡2czenas
910 . ‡aABG312
901 . ‡a13011 ‡bUnknown ‡c13011 ‡tbiblio

Additional Resources